000 00314nam a22001337a 4500
020 _a817826326-2
082 _a823
_bROH/B
100 _aROHAN BOOK COMPANY
245 _aTHE BREMEN TOWN MUSICIANS
260 _aDELHI
_bROHAN BOOK COMPANY
_c2003
300 _a215
650 _aMODERN ILLUSTRATED CLASSICS
942 _cBK
999 _c328
_d328